Metódy marketingového výskumu
Na minha lista:
| Autor principal: | |
|---|---|
| Autor Corporativo: | |
| Outros Autores: | , |
| Formato: | Livro |
| Idioma: | eslovaco |
| Publicado em: |
Bratislava
Vydavateľstvo Ekonóm
1997
|
| Assuntos: | |
| Tags: |
Sem tags, seja o primeiro a adicionar uma tag!
|
MARC
| LEADER | 00000nam a2200000 4500 | ||
|---|---|---|---|
| 001 | c018179 | ||
| 005 | 20221214071356.6 | ||
| 020 | |a 80-225-0805-5 | ||
| 041 | 0 | |a slo | |
| 044 | |a SK | ||
| 245 | 1 | 0 | |a Metódy marketingového výskumu |c Kornélia Richterová, Dagmar Klepochová, Dana Vokounová |
| 264 | 1 | |a Bratislava |b Vydavateľstvo Ekonóm |c 1997 | |
| 300 | |a 71 s. | ||
| 610 | 2 | 0 | |a marketing |
| 610 | 2 | 0 | |a výskum |
| 610 | 2 | 0 | |a metódy výskumu |
| 610 | 2 | 0 | |a dopyt |
| 610 | 2 | 0 | |a trh |
| 610 | 2 | 0 | |a výskum trhu |
| 610 | 2 | 0 | |a informácie |
| 610 | 2 | 0 | |a analýza štatistická |
| 100 | 1 | |a Richterová, Kornélia | |
| 700 | 1 | |a Klepochová, Dagmar, 1968- | |
| 700 | 1 | |a Vokounová, Dana, 1962- | |
| 710 | 2 | |a Ekonomická univerzita v Bratislave. Obchodná fakulta | |